| 000 | 00396 a2200145 4500 | ||
|---|---|---|---|
| 999 |
_c6433 _d6433 |
||
| 020 | _a9789382220633 | ||
| 050 | _aQH 581 BAI 2013 | ||
| 100 |
_aBailey, Jody _eauthor |
||
| 245 |
_aRecent advances in cell biochemistry/ _cJody Bailey |
||
| 264 |
_aNew Delhi: _bRandom Exports, _c2013 |
||
| 300 |
_a288p.: _bill. |
||
| 500 | _aIncludes index | ||
| 650 | _aBiochemistry | ||
| 942 |
_2lcc _cBK _h581 _iBAI _kQH |
||